000 00335nam a22001457a 4500
008 240126b ||||| |||| 00| 0 eng d
020 _a0395243424
041 _aeng
080 _21976
_a521
082 _a521SHI
100 _a19
101 _aASTRO
245 _aBLACK HOLES QUASARS THE UNIVERSE
_cHARRY.L,SHIPMAN
942 _2udc
_cBK
999 _c60548
_d60548